<?xml version="1.0" encoding="UTF-8"?>
<record
    xmlns:xsi="http://www.w3.org/2001/XMLSchema-instance"
    xsi:schemaLocation="http://www.loc.gov/MARC21/slim http://www.loc.gov/standards/marcxml/schema/MARC21slim.xsd"
    xmlns="http://www.loc.gov/MARC21/slim">

  <leader>00772nam a2200217 i 4500</leader>
  <controlfield tag="001">90161</controlfield>
  <controlfield tag="003">ES-MaACL</controlfield>
  <controlfield tag="005">20231205142502.0</controlfield>
  <controlfield tag="007">t|</controlfield>
  <controlfield tag="008">050119s1945    sp           ||||1| spa d</controlfield>
  <datafield tag="100" ind1="1" ind2=" ">
    <subfield code="a">Le Danois, Edmond.</subfield>
    <subfield code="9">70863</subfield>
  </datafield>
  <datafield tag="245" ind1="1" ind2="3">
    <subfield code="a">El Atl&#xE1;ntico </subfield>
    <subfield code="b">: historia y vida de un oc&#xE9;ano / </subfield>
    <subfield code="c">Ed. Le Danois ; traducci&#xF3;n de Xavier Zubiri.</subfield>
  </datafield>
  <datafield tag="250" ind1=" " ind2=" ">
    <subfield code="a">2&#xAA; ed. [especualmente autorizada por el autor].</subfield>
  </datafield>
  <datafield tag="260" ind1=" " ind2=" ">
    <subfield code="a">Madrid : </subfield>
    <subfield code="b">Espasa-Calpe, </subfield>
    <subfield code="c">[1945] (</subfield>
    <subfield code="f">Ger&#xF3;nimo J. Pesce)</subfield>
  </datafield>
  <datafield tag="300" ind1=" " ind2=" ">
    <subfield code="a">268 p., 16 l&#xE1;m. : </subfield>
    <subfield code="b">il. ; </subfield>
    <subfield code="c">20 cm.</subfield>
  </datafield>
  <datafield tag="490" ind1="1" ind2=" ">
    <subfield code="a">Nueva ciencia, nueva t&#xE9;cnica</subfield>
  </datafield>
  <datafield tag="700" ind1="1" ind2=" ">
    <subfield code="a">Zubiri, Xavier,</subfield>
    <subfield code="d">1898-1983</subfield>
    <subfield code="9">118406</subfield>
  </datafield>
  <datafield tag="830" ind1="0" ind2=" ">
    <subfield code="a">Nueva ciencia, nueva t&#xE9;cnica</subfield>
    <subfield code="9">181572</subfield>
  </datafield>
  <datafield tag="852" ind1=" " ind2=" ">
    <subfield code="a">ES-MaACL</subfield>
    <subfield code="j">D-5877 </subfield>
    <subfield code="b">R.31510</subfield>
  </datafield>
  <datafield tag="999" ind1=" " ind2=" ">
    <subfield code="c">90161</subfield>
    <subfield code="d">90161</subfield>
  </datafield>
  <datafield tag="952" ind1=" " ind2=" ">
    <subfield code="0">0</subfield>
    <subfield code="1">0</subfield>
    <subfield code="4">0</subfield>
    <subfield code="7">0</subfield>
    <subfield code="a">ATENEOM</subfield>
    <subfield code="b">ATENEOM</subfield>
    <subfield code="c">SVI</subfield>
    <subfield code="d">2008-01-17</subfield>
    <subfield code="e">SC</subfield>
    <subfield code="l">0</subfield>
    <subfield code="o">D-5877</subfield>
    <subfield code="p">901094154</subfield>
    <subfield code="r">2023-02-23 00:00:00</subfield>
    <subfield code="w">2023-02-23</subfield>
    <subfield code="y">MONOGRAFIA</subfield>
  </datafield>
</record>
